| 000 | 00000nam##2200000za#4500 |
| 001 | 9.657642 |
| 003 | CaOODSP |
| 005 | 20200330144544 |
| 007 | ta |
| 008 | 150407|1995||||xxc||||| f|0| 0 fre|d |
| 020 | |a0-662-61789-4 |
| 040 | |aCaOODSP|bfre |
| 041 | |aeng |
| 041 | |afre |
| 043 | |an-cn--- |
| 086 | 1 |aM22-119/1995 |
| 110 | 1 |aCanada.|bRessources naturelles Canada. |bSecteur minier. |
| 245 | 10|aRéponse du gouvernement fédéral au cinquième rapport du Comité permanent des ressources naturelles intitulé: Sortir l'industrie minière canadienne du trou : |bdéposée à la Chambre des communes par l'honorable A. Anne McLellan, ministre des Ressources naturelles, le 8 mai 1995 |
| 260 | |aOttawa - Ontario : |bRessources naturelles Canada. |c1995. |
| 300 | |aTexte français, 13p. ; |c28 cm. |
| 546 | |aBilingue |
| 563 | |aCouverture souple |
| 590 | |a95-21|b1995-05-26 |
| 691 | 07|aIndustrie minière|2gcpds |
| 776 | 0#|tRéponse du gouvernement fédéral au cinquième rapport du Comité permanent des ressources naturelles intitulé: Sortir l'industrie minière canadienne du trou : |w(CaOODSP)9.644391 |
| 776 | 0#|tThe federal government's response to the fifth report of the Standing Committee on Natural Resources: Lifting Canadian mining off the rocks : |w(CaOODSP)9.700507 |
| 791 | |tThe federal government's response to the fifth report of the Standing Committee on Natural Resources; Lifting Canadian mining off the rocks : |eeng|w(CaOODSP)9.657641 |